15 największych państw w historii - Statystyki

Ogólne statystyki
  • Ten quiz został rozwiązany 51 razy
  • Średni wynik to 6 z 15
Statystyki odpowiedzi
Wielkość w mln. kilometrów Nazwa imperium % Poprawnych
17,1 Rosja
80%
9,8 Usa
78%
9,9 Chiny
73%
10 Kanada
67%
22,4 ZSRR
67%
35,8 km Imperium Brytyjskie
60%
33,0 Imperium Mongolskie
58%
23,7 Imperium Rosyjskie
38%
20 Imperium Hiszpańskie
36%
10,4 Imperium Portugalskie
18%
11,1 Kalifat Abbasydów
13%
14,7 Cesarstwo Qing
9%
13,5 Francuskie imperium kolonialne
9%
13 Kalifat Umajjadów
9%
8,7 Cesarstwo Brazylii
2%
Nie znaleziono quizów pasujących do podanych kryteriów
Rozkład punktacji
Procent ludzi z każdym wynikiem
Percentyl według liczby udzielonych odpowiedzi
Twoja historia wyników
Nie rozwiązałeś tego quizu